International Building Code / (Record no. 533832)

000 -LEADER
fixed length control field 00418 a2200157 4500
003 - CONTROL NUMBER IDENTIFIER
control field NUST
005 - DATE AND TIME OF LATEST TRANSACTION
control field 20200122100927.0
008 - FIXED-LENGTH DATA ELEMENTS--GENERAL INFORMATION
fixed length control field 200122b ||||| |||| 00| 0 eng d
038 ## - RECORD CONTENT LICENSOR
Staff Name MSOHAIL
082 ## - DEWEY DECIMAL CLASSIFICATION NUMBER
Classification number 343.07869 ACI
245 ## - TITLE STATEMENT
Title International Building Code /
260 ## - PUBLICATION, DISTRIBUTION, ETC.
Place of publication, distribution, etc. USA :
Date of publication, distribution, etc. international Code Council inc,
Name of publisher, distributor, etc. 2009
300 ## - PHYSICAL DESCRIPTION
Extent 675p. :
Other physical details ill. ;
Dimensions 30cm
650 ## - SUBJECT ADDED ENTRY--TOPICAL TERM
Topical term or geographic name entry element Building code
9 (RLIN) 27851
942 ## - ADDED ENTRY ELEMENTS (KOHA)
Source of classification or shelving scheme
Koha item type Book
Holdings
Withdrawn status Lost status Source of classification or shelving scheme Damaged status Not for loan Permanent Location Current Location Date acquired Total Checkouts Full call number Barcode Date last seen Price effective from Koha item type
          School of Civil and Environmental Engineering (SCEE) School of Civil and Environmental Engineering (SCEE) 01/22/2020   343.07869 ACI NIT-9329 01/22/2020 01/22/2020 Book
© 2023 Central Library, National University of Sciences and Technology. All Rights Reserved.